| 000 | 00715nam a2200217 a 4500 | ||
|---|---|---|---|
| 001 | BRL_1649 | ||
| 005 | 20190320211315.0 | ||
| 008 | 210414s1975----mx-a######---#000-0#spa-# | ||
| 041 | _aspa | ||
| 044 | _amx | ||
| 050 | 4 |
_aF1221.O86 _b.G37 1975 |
|
| 100 | 1 |
_aGarcía Tellez, Alfonso _927530 |
|
| 245 | 1 | 0 |
_aHistoria de la curación de Anticuas de San Pablito Pahuatlán, Pue. _cAlfonso Garcias Tellez. |
| 260 |
_aSan Pablito, Pahuatlan, Puebla _b[s.n.] _c1975 |
||
| 300 |
_a28 p. _bil. _c18 cm. |
||
| 500 | _aAu1878 | ||
| 650 | 1 | 4 |
_aOtomíes _xRitos y ceremonias _zSan Pablito (Pahuatlan: Puebla) _927531 |
| 650 | 1 | 4 |
_aOtomíes _xChamanismo _zSan Pablito (Pahuatlan: Puebla) _927532 |
| 902 | _aGRL | ||
| 942 |
_2lcc _cB |
||
| 999 |
_c10458 _d10458 |
||